000 00364nam a2200145Ia 4500
008 210210b1966 xxu||||| |||| 00| 0 eng d
082 _a547.8 MENP
100 _aMENON (M G).
245 _aPetro-chemicals digest.
260 _aN D
_bAsia Publishing House
_c1966
300 _avi,125
650 _aPetro-chemicals
690 _aOrganic Chemistry
906 _a031103
999 _c82140
_d82140